00262 a2200097 4500082000800000100002100008245006500029260004600094300000800140500001600148 a425 aFrop. Rana Tariq aGEM Good Marks in English for IntermediatecProf. Rana Tariq aLahore, PakistanbStudents Own Book Depot a181 apaper cover